Características agronômicas de arroz de terras altas cultivado na Amazônia Ocidental (Registro n. 337657)
[ somente texto ]
| 000 -LÍDER | |
|---|---|
| fixed length control field | 04383nab a2200337 i 4500 |
| 003 - CÓDIGO MARC DA AGÊNCIA CATALOGADORA | |
| Campo de controle | BR-BrBNA |
| 005 - DATA E HORA DA ÚLTIMA ATUALIZAÇÃO | |
| Campo de controle | 20250818115631.0 |
| 008 - CAMPO DE TAMANHO FIXO | |
| fixed length control field | 250818b2017 bl.qr|pooa||| 00| 0 por | |
| 040 ## - FONTE DA CATALOGAÇÃO | |
| Agência catalogadora | BR-BrBNA |
| Idioma da catalogação | por |
| 072 ## - CATEGORIA AGRIS | |
| Código AGRIS | F30 |
| Código do objeto | 0150 |
| 072 ## - CATEGORIA AGRIS | |
| Código AGRIS | F01 |
| 100 ## - ENTRADA PRINCIPAL - NOME PESSOAL | |
| Nome pessoal | Jordão, Half Weinberg Corrêa |
| 100 ## - ENTRADA PRINCIPAL - NOME PESSOAL | |
| Nome pessoal | Radmann, Vairton |
| 100 ## - ENTRADA PRINCIPAL - NOME PESSOAL | |
| Nome pessoal | Campos, Milton César Costa |
| 100 ## - ENTRADA PRINCIPAL - NOME PESSOAL | |
| Nome pessoal | Silva, Douglas Marcelo Pinheiro da |
| 100 ## - ENTRADA PRINCIPAL - NOME PESSOAL | |
| Nome pessoal | Ramos, Ramylle Junior Lourenço |
| 100 ## - ENTRADA PRINCIPAL - NOME PESSOAL | |
| Nome pessoal | Mantovanelli, Bruno Campos |
| 245 ## - TÍTULO PRINCIPAL | |
| Título principal | Características agronômicas de arroz de terras altas cultivado na Amazônia Ocidental |
| 500 ## - NOTA GERAL | |
| Nota geral | <br/><br/>Publicação online; 28 ref.; Summaries (En, Pt) |
| 942 ## - ADDED ENTRY ELEMENTS (KOHA) | |
| Koha item type | Analítica |
| 520 ## - NOTA DE RESUMO | |
| Nota de conteúdo | <br/><br/><br/>RESUMO: A produção de grãos no estado do Amazonas ainda é incipiente para atender a demanda local por estes alimentos. Nesse contexto, foi realizado um experimento no município de Humaitá-AM com o objetivo de avaliar o desempenho agronômico de cultivares de arroz de terras altas. O trabalho foi conduzido em área de campo natural e o delineamento experimental foi em blocos ao acaso, com 12 tratamentos (cultivares de arroz) e 4 repetições. A semeadura foi realizada manualmente em 22/11/2011 no espaçamento de 0,20 m entre linhas e densidade de 60 sementes por metro. Foram realizadas 2 adubações de cobertura, a primeira na fase de perfilhamento e a segunda na fase de diferenciação do primórdio floral. A colheita foi realizada manualmente quando os grãos apresentaram em torno de 22% de umidade. Os cultivares apresentaram redução no número de dias para atingir floração média e ciclo, o cultivar BRS Tropical apresentou menor altura, os cultivares BRS Apinajé, BRS Primavera e BRSMG Curinga obtiveram maior altura de planta. A maior produtividade e rendimento de grãos foram observados no cultivar BRSGO Serra Dourada, juntamente com os cultivares BRS Sertaneja, BRS pepita e BRS Tropical. Os cultivares BRSGO Serra Dourada, BRS Sertaneja, BRS Pepita e BRS Tropical podem ser considerados promissores para região, devido ao bom desempenho produtivo nas condições de cultivo. A análise multivariada mostrou de forma excelente as correlações existentes entre as variáveis. <br/><br/><br/>PALAVRAS-CHAVE: Cultivar, Oryza sativa, Campo natural, Produtividade |
| 520 ## - NOTA DE RESUMO | |
| Nota de conteúdo | <br/><br/><br/>ABSTRACT: Grain production in the state of Amazonas is still incipient to meet local demand for these foods. In this context, an experiment was carried out in the municipality of Humaitá-AM to evaluate the agronomic performance of upland rice cultivars. The work was conducted in a natural field area and the experimental design was in randomized blocks, with 12 treatments (rice cultivars) and 4 replicates. The sowing was done manually on 11/22/2011 in the spacing of 0.20 m between rows and density of 60 seeds per meter. Two cover fertilizations were performed, the first in the tillering phase and the second in the floral primordial differentiation phase. Harvesting was performed manually when the grains presented around 22% moisture. The cultivars showed a reduction in the number of days to reach average flowering and cycle, the cultivar BRS Tropical presented lower height, the cultivars BRS Apinajé, BRS Primavera and BRSMG Curinga obtained higher plant height. The highest yield and yield of grains were observed in the cultivar BRSGO Serra Dourada, together with the cultivars BRS Sertaneja, BRS pepita and BRS Tropical. The cultivars BRSGO Serra Dourada, BRS Sertaneja, BRS Pepita and BRS Tropical can be considered promising for the region, due to the good productive performance in the growing conditions. The multivariate analysis showed excellent correlations between the variables. <br/><br/><br/>KEYWORDS: Grow crops, Oryza sativa, Natural field, Productivity |
| 650 ## - ASSUNTO - THESAGRO | |
| Cabeçalho tópico ou nome geográfico | ARROZ |
| 650 ## - ASSUNTO - THESAGRO | |
| Cabeçalho tópico ou nome geográfico | CARACTERÍSTICAS AGRONÔMICAS |
| 650 ## - ASSUNTO - THESAGRO | |
| Cabeçalho tópico ou nome geográfico | COMPORTAMENTO DE VARIEDADE |
| 650 ## - ASSUNTO - THESAGRO | |
| Cabeçalho tópico ou nome geográfico | PRODUTIVIDADE |
| 650 ## - ASSUNTO - THESAGRO | |
| Cabeçalho tópico ou nome geográfico | AMAZÔNIA OCIDENTAL |
| 773 0# - ENTRADA ANALÍTICA | |
| Host Biblionumber | 3551 |
| Registro do item | 345995 |
| Imprenta | Belém-PA Faculdade de Ciências Agrárias do Pará 1999 |
| Outro identificador | 2024-6644 |
| Título | Revista de Ciências Agrárias (Brazil) |
| ISSN | 1517-591X Impresso/Versão online ISSN 2177-8760 |
| Colação | v. 60(4) p. 307-314; (2017) |
| Número de controle de registro | BR2025003015 |
| 856 ## - ACESSO E ENDEREÇO ELETRÔNICO | |
| Identificador uniforme de recurso - URI | https://ajaes.ufra.edu.br/index.php/ajaes/article/view/2464/1467 |
Nenhum exemplar disponível.

BINAGRI